U.S. ends and means in Central America : a debate /

Bibliographic Details
Main Author: Van den Haag, Ernest
Other Authors: Farer, Tom J.
Format: Book
Language:English
Published: New York : Plenum Press, [1988]
Subjects:

MARC

Tag First Indicator Second Indicator Subfields
LEADER 00000cam a2200000 a 4500
001 in00000023637
005 20151007054259.0
008 871229s1988 nyu b 00110 eng
010 |a  87037689  
020 |a 0306428571 :  |c $19.95 
035 |a (OCoLC)17353413 
035 |9 AAB4555AM 
040 |a DLC  |c DLC  |d TXA  |d UtOrBLW 
043 |a nc-----  |a n-us--- 
049 |a TXAM  |c [A11112485] 
050 0 0 |a F1436.U6  |b V36 1988 
082 0 |a 327.730728  |2 19 
100 1 |a Van den Haag, Ernest. 
245 1 0 |a U.S. ends and means in Central America :  |b a debate /  |c Ernest van den Haag and Tom J. Farer. 
264 1 |a New York :  |b Plenum Press,  |c [1988] 
264 4 |c ©1988 
300 |a xii, 241 pages ;  |c 22 cm. 
336 |a text  |b txt  |2 rdacontent 
337 |a unmediated  |b n  |2 rdamedia 
338 |a volume  |b nc  |2 rdacarrier 
504 |a Bibliography: pages 233-237. 
500 |a Includes index. 
651 0 |a Central America  |x Foreign relations  |z United States. 
651 0 |a United States  |x Foreign relations  |z Central America. 
700 1 |a Farer, Tom J. 
740 0 |a US ends and means in Central America. 
999 |a MARS 
999 f f |s c6492ad5-c33a-32d1-b96e-58be3aeca856  |i 66628159-777b-3c84-99cd-2c0ef8122d09  |t 0 
952 f f |p ric  |a Texas A&M University  |b Rellis Campus  |c Joint Library Facility  |d Remote Storage  |t 0  |e F1436.U6 V36 1988  |h Library of Congress classification  |i unmediated -- volume  |m A14811112485 
998 f f |a F1436.U6 V36 1988  |t 0  |l Remote Storage